| 000 | 00439cam a2200169ua 4500 | ||
|---|---|---|---|
| 020 | _cRs 4.00 | ||
| 041 |
_aeng _h |
||
| 082 |
_a621.301 _bGRA/AU |
||
| 100 | _aGraham, Frank D. | ||
| 245 |
_aAudels new electric library, Vol. 4 / _cFrank D Graham. _hTextual Documents |
||
| 260 |
_a : _bTaraporevala sons and co pvt ltd , _c1953. |
||
| 300 | _a854 ; . | ||
| 365 | _aRs 4.00 | ||
| 504 | _a | ||
| 942 | _cBK | ||
| 999 |
_c1488 _d1488 |
||